Upper Limb Movements - Statistics

General Stats
  • This quiz has been taken 22 times
  • The average score is 95 of 198
Answer Stats
Question Tile Select % Correct
Lateral Rotation @ Shoulder . No
100%
Lateral Rotation @ Shoulder . No
100%
Lateral Rotation @ Shoulder anterior deltoid No
89%
Lateral Rotation @ Shoulder deltoid No
89%
Lateral Rotation @ Shoulder pec major No
89%
Lateral Rotation @ Shoulder subscapularis No
89%
Supination @ Radioulnar . No
83%
Depression @ Pectoral Girdle . No
83%
Extension @ Elbow biceps brachii No
83%
Extension @ Elbow brachialis No
83%
Supination @ Radioulnar coracobrachialis No
83%
Extension @ Elbow coracobrachialis No
83%
Depression @ Pectoral Girdle levator scapulae No
83%
Supination @ Radioulnar triceps brachii No
83%
Extension @ Elbow triceps brachii Yes
83%
Depression @ Pectoral Girdle upper trapezius No
83%
Supination @ Radioulnar brachialis No
78%
Extension @ Elbow brachioradialis No
78%
Lateral Rotation @ Shoulder latissimus dorsi No
78%
Supination @ Radioulnar pronator teres No
78%
Supination @ Radioulnar supinator Yes
78%
Lateral Rotation @ Shoulder supraspinatus No
78%
Depression @ Pectoral Girdle lower trapezius Yes
72%
Depression @ Pectoral Girdle middle trapezius No
72%
Protraction @ Pectoral Girdle . No
67%
Lateral Rotation @ Shoulder infraspinatus Yes
67%
Protraction @ Pectoral Girdle levator scapulae No
67%
Protraction @ Pectoral Girdle lower trapezius No
67%
Depression @ Pectoral Girdle rhomboid major No
67%
Protraction @ Pectoral Girdle rhomboid minor No
67%
Elevation @ Pectoral Girdle . No
61%
Protraction @ Pectoral Girdle latissimus dorsi No
61%
Elevation @ Pectoral Girdle levator scapulae Yes
61%
Elevation @ Pectoral Girdle lower pec major No
61%
Elevation @ Pectoral Girdle lower trapezius No
61%
Protraction @ Pectoral Girdle rhomboid major No
61%
Protraction @ Pectoral Girdle upper trapezius No
61%
Retraction @ Pectoral Girdle . No
56%
Flexion @ Elbow . No
56%
Extension @ Shoulder . No
56%
Supination @ Radioulnar anconeus No
56%
Flexion @ Elbow biceps brachii Yes
56%
Elevation @ Pectoral Girdle latissimus dorsi No
56%
Retraction @ Pectoral Girdle levator scapulae No
56%
Retraction @ Pectoral Girdle lower pec major No
56%
Protraction @ Pectoral Girdle lower serratus anterior No
56%
Elevation @ Pectoral Girdle lower serratus anterior No
56%
Retraction @ Pectoral Girdle lower serratus anterior No
56%
Protraction @ Pectoral Girdle middle trapezius No
56%
Elevation @ Pectoral Girdle middle trapezius No
56%
Extension @ Shoulder pec major No
56%
Elevation @ Pectoral Girdle pec minor No
56%
Retraction @ Pectoral Girdle pec minor No
56%
Depression @ Pectoral Girdle serratus anterior No
56%
Elevation @ Pectoral Girdle serratus anterior No
56%
Extension @ Shoulder subscapularis No
56%
Extension @ Shoulder supraspinatus No
56%
Flexion @ Elbow triceps brachii No
56%
Elevation @ Pectoral Girdle upper trapezius Yes
56%
Medial Rotation @ Shoulder . No
50%
Medial Rotation @ Shoulder . No
50%
Flexion @ Wrist . No
50%
Pronation @ Radioulnar . No
50%
Pronation @ Radioulnar . No
50%
Abduction @ Shoulder . No
50%
Abduction @ Shoulder . No
50%
Extension @ Wrist anconeus No
50%
Adduction @ Wrist anconeus No
50%
Extension @ Shoulder anterior deltoid No
50%
Abduction @ Wrist biceps brachii No
50%
Pronation @ Radioulnar coracobrachialis No
50%
Extension @ Shoulder deltoid No
50%
Extension @ Wrist extensor carpi radialis brevis Yes
50%
Extension @ Wrist extensor carpi radialis longus Yes
50%
Extension @ Wrist extensor carpi ulnaris Yes
50%
Abduction @ Wrist extensor digiti minimi No
50%
Adduction @ Wrist extensor pollicis longus No
50%
Flexion @ Wrist flexor carpi radialis Yes
50%
Flexion @ Wrist flexor carpi ulnaris Yes
50%
Medial Rotation @ Shoulder infraspinatus No
50%
Depression @ Pectoral Girdle latissimus dorsi Yes
50%
Retraction @ Pectoral Girdle lower trapezius No
50%
Protraction @ Pectoral Girdle pec minor Yes
50%
Lateral Rotation @ Shoulder posterior deltoid Yes
50%
Pronation @ Radioulnar pronator quadratus Yes
50%
Flexion @ Wrist pronator teres No
50%
Pronation @ Radioulnar pronator teres Yes
50%
Retraction @ Pectoral Girdle rhomboid major Yes
50%
Depression @ Pectoral Girdle rhomboid minor No
50%
Retraction @ Pectoral Girdle serratus anterior No
50%
Abduction @ Shoulder subscapularis No
50%
Medial Rotation @ Shoulder supraspinatus No
50%
Lateral Rotation @ Shoulder teres minor No
50%
Medial Rotation @ Shoulder teres minor No
50%
Pronation @ Radioulnar triceps brachii No
50%
Flexion @ Shoulder . No
44%
Pronation @ Radioulnar biceps brachii No
44%
Flexion @ Elbow brachialis Yes
44%
Pronation @ Radioulnar brachialis No
44%
Medial Rotation @ Shoulder deltoid No
44%
Abduction @ Wrist extensor carpi radialis brevis Yes
44%
Abduction @ Wrist extensor carpi radialis longus Yes
44%
Abduction @ Wrist extensor carpi ulnaris No
44%
Extension @ Shoulder infraspinatus No
44%
Flexion @ Shoulder infraspinatus No
44%
Abduction @ Shoulder infraspinatus No
44%
Extension @ Shoulder latissimus dorsi Yes
44%
Flexion @ Shoulder latissimus dorsi No
44%
Abduction @ Shoulder latissimus dorsi No
44%
Lateral Rotation @ Pectoral Girdle levatore scapulae No
44%
Medial Rotation @ Pectoral Girdle levator scapulae No
44%
Lateral Rotation @ Pectoral Girdle lower pec major No
44%
Medial Rotation @ Pectoral Girdle lower serratus anterior No
44%
Flexion @ Wrist palmaris longus Yes
44%
Abduction @ Shoulder pec major No
44%
Medial Rotation @ Shoulder posterior deltoid No
44%
Abduction @ Shoulder posterior deltoid No
44%
Elevation @ Pectoral Girdle rhomboid major Yes
44%
Elevation @ Pectoral Girdle rhomboid minor Yes
44%
Retraction @ Pectoral Girdle rhomboid minor Yes
44%
Protraction @ Pectoral Girdle serratus anterior Yes
44%
Flexion @ Shoulder teres major No
44%
Abduction @ Shoulder teres major No
44%
Extension @ Shoulder teres minor No
44%
Flexion @ Shoulder teres minor No
44%
Abduction @ Shoulder teres minor No
44%
Retraction @ Pectoral Girdle upper trapezius No
44%
Medial Rotation @ Pectoral Girdle . No
39%
Lateral Rotation @ Pectoral Girdle . No
39%
Extension @ Elbow anconeus Yes
39%
Abduction @ Shoulder anterior deltoid No
39%
Flexion @ Elbow brachioradialis Yes
39%
Abduction @ Shoulder deltoid Yes
39%
Extension @ Wrist extensor digiti minimi No
39%
Abduction @ Wrist flexor carpi radialis Yes
39%
Adduction @ Shoulder infraspinatus No
39%
Depression @ Pectoral Girdle lower serratus anterior Yes
39%
Medial Rotation @ Pectoral Girdle lower trapezius No
39%
Retraction @ Pectoral Girdle middle trapezius Yes
39%
Medial Rotation @ Pectoral Girdle middle trapezius No
39%
Lateral Rotation @ Pectoral Girdle pec minor No
39%
Extension @ Shoulder posterior deltoid Yes
39%
Flexion @ Shoulder posterior deltoid No
39%
Adduction @ Shoulder posterior deltoid No
39%
Medial Rotation @ Pectoral Girdle rhomboid minor No
39%
Medial Rotation @ Pectoral Girdle serratus anterior No
39%
Lateral Rotation @ Pectoral Girdle serratus anterior No
39%
Flexion @ Shoulder subscapularis No
39%
Adduction @ Shoulder subscapularis No
39%
Flexion @ Shoulder supraspinatus No
39%
Abduction @ Shoulder supraspinatus Yes
39%
Extension @ Shoulder teres major Yes
39%
Medial Rotation @ Pectoral Girdle upper trapezius No
39%
Adduction @ Shoulder anterior deltoid No
33%
Supination @ Radioulnar biceps brachii Yes
33%
Supination @ Radioulnar brachioradialis Yes
33%
Flexion @ Elbow coracobrachialis No
33%
Flexion @ Shoulder deltoid No
33%
Adduction @ Shoulder deltoid No
33%
Adduction @ Wrist extensor carpi radialis brevis No
33%
Adduction @ Wrist extensor carpi radialis longus No
33%
Adduction @ Wrist extensor carpi ulnaris Yes
33%
Adduction @ Wrist flexor carpi ulnaris Yes
33%
Medial Rotation @ Pectoral Girdle latissimus dorsi No
33%
Lateral Rotation @ Pectoral Girdle latissimus dorsi No
33%
Adduction @ Shoulder latissimus dorsi Yes
33%
Protraction @ Pectoral Girdle lower pec major No
33%
Lateral Rotation @ Pectoral Girdle middle trapezius No
33%
Medial Rotation @ Pectoral Girdle pec minor No
33%
Lateral Rotation @ Pectoral Girdle rhomboid major No
33%
Lateral Rotation @ Pectoral Girdle rhomboid minor No
33%
Medial Rotation @ Shoulder subscapularis Yes
33%
Adduction @ Shoulder supraspinatus No
33%
Extension @ Shoulder triceps long head Yes
33%
Flexion @ Shoulder anterior deltoid Yes
28%
Flexion @ Shoulder coracobrachialis Yes
28%
Medial Rotation @ Pectoral Girdle lower pec major No
28%
Medial Rotation @ Shoulder pec major Yes
28%
Flexion @ Shoulder pec major Yes
28%
Adduction @ Shoulder pec major Yes
28%
Lateral Rotation @ Shoulder teres major Yes
28%
Adduction @ Shoulder teres major Yes
28%
Adduction @ Shoulder teres minor No
28%
Extension @ Wrist extensor digitorum No
22%
Flexion @ Wrist flexor digitorum superficialis Yes
22%
Retraction @ Pectoral Girdle latissimus dorsi No
22%
Depression @ Pectoral Girdle lower pec major Yes
22%
Medial Rotation @ Shoulder latissimus dorsi Yes
17%
Lateral Rotation @ Pectoral Girdle lower serratus anterior Yes
17%
Lateral Rotation @ Pectoral Girdle lower trapezius Yes
17%
Depression @ Pectoral Girdle pec minor Yes
17%
Medial Rotation @ Pectoral Girdle rhomboid major Yes
17%
Lateral Rotation @ Pectoral Girdle upper trapezius Yes
17%
Pronation @ Radioulnar anconeus Yes
11%
Medial Rotation @ Shoulder anterior deltoid Yes
11%
Medial Rotation @ Shoulder teres major Yes
11%
Adduction @ Shoulder coracobrachialis Yes
6%
Adduction @ Shoulder triceps long head Yes
6%
No matching quizzes found
Score Distribution
Percent of People with Each Score
Percentile by Number Answered
Your Score History
You have not taken this quiz